Names of the Losers Club Quiz Stats

Quiz not verified by Sporcle

Also try: Map of Westeros
Challenge
Share
Tweet
Embed
Score 0/7 Timer 05:00
0 Plays Today
% Correct
William 'Stuttering Bill' Denbrough
97.7%
Beverly 'Bev' Marsh
97.7%
Richard 'Richie' Tozier
96.7%
Michael 'Mike' Hanlon
95.7%
Benjamin 'Ben' Hanscom
93.4%
Stanley 'Stan' Uris
93.4%
Eddie 'Eds' Kaspbrak
53.6%

You're not logged in!

Compare scores with friends on all Sporcle quizzes.
Sign Up with Email
OR
Log In

You Might Also Like...

Show Comments

Extras

Top Quizzes Today


Score Distribution

Your Account Isn't Verified!

In order to create a playlist on Sporcle, you need to verify the email address you used during registration. Go to your Sporcle Settings to finish the process.